|
|
|
|
| LEADER |
00000nam0a2200000 4500 |
| 001 |
108340 |
| 005 |
20231031115609.0 |
| 010 |
|
|
|a 9812384057
|
| 035 |
|
|
|a (RuTPU)RU\TPU\book\116962
|
| 090 |
|
|
|a 108340
|
| 100 |
|
|
|a 20070118d2003 k y0engy50 ba
|
| 101 |
0 |
|
|a eng
|
| 102 |
|
|
|a US
|
| 105 |
|
|
|a a z 001zy
|
| 200 |
1 |
|
|a The Chemistry of Nanostructured Materials
|f editor P. Yang
|
| 210 |
|
|
|a New Jersey
|c World Scientific
|d 2003
|
| 215 |
|
|
|a 386 p.
|c ил.
|
| 320 |
|
|
|a Библиография в конце тем.
|
| 610 |
1 |
|
|a материалы
|
| 610 |
1 |
|
|a материаловедение
|
| 610 |
1 |
|
|a структура
|
| 610 |
1 |
|
|a исследование
|
| 610 |
1 |
|
|a наноструктурные материалы
|
| 610 |
1 |
|
|a химия
|
| 610 |
1 |
|
|a физико-химические свойства
|
| 610 |
1 |
|
|a английский язык
|
| 675 |
|
|
|a 620.18
|v 3
|
| 702 |
|
1 |
|a Yang
|b P.
|g Peidong
|4 340
|
| 801 |
|
1 |
|a RU
|b 63413507
|c 20070118
|g PSBO
|
| 801 |
|
2 |
|a RU
|b 63413507
|c 20100210
|g PSBO
|
| 942 |
|
|
|c BK
|
| 959 |
|
|
|a 2/20070117
|d 1
|e 0
|f ЧЗИЛ:1
|